| 000 | 01086cam a2200325 a 4500 | ||
|---|---|---|---|
| 001 | 2739 | ||
| 003 | FISKH | ||
| 005 | 20240304153949.0 | ||
| 008 | 240111b cb ||||| |||| 00| 0 eng d | ||
| 020 | _a076714003996 | ||
| 040 |
_aDLC _cDLC _dDLC _dFISKH _beng |
||
| 042 | _alcac | ||
| 050 | 0 | 0 | _aPZ7.B934 |
| 082 | 0 | 0 |
_a813.4 _221 |
| 100 | 1 |
_aBurnett, Frances Hodgson, _d1849-1924. |
|
| 245 | 1 | 4 |
_aThe secret garden / _cFrances Hodgson Burnett. |
| 260 |
_aNew York : _bAladdin, _c1999. |
||
| 300 |
_a386 pages : _c21 cm. |
||
| 440 | 0 | _aAladdin Classics | |
| 520 | _aTen-year-old Mary comes to live in a lonely house on the Yorkshire moors and discovers an invalid cousin and the mysteries of a locked garden. | ||
| 650 | 1 |
_aOrphans _vFiction. |
|
| 650 | 1 |
_aGardens _vFiction. |
|
| 650 | 1 |
_aPeople with disabilities _vFiction. |
|
| 651 | 1 |
_aYorkshire (England) _vFiction. |
|
| 651 | 1 |
_aEngland _vFiction. |
|
| 700 |
_aKonigsburg, E.L. _eEditor |
||
| 856 | 4 | 2 |
_3Publisher description _uwww.SimonSaysKids.com |
| 906 |
_a7 _bcbc _corignew _d1 _eocip _f19 _gy-gencatlg |
||
| 942 |
_2lcc _cBK _n0 |
||
| 999 |
_c2739 _d2739 |
||